000 00838nam a2200241 i 4500
001 170194
003 ES-MaACL
005 20250804054933.0
008 090210s1996 be |||| | fre d
020 _a2-87037-225-6
080 _a231
080 _a211
100 1 _aThiry, Philippe.
_9139411
245 1 2 _aL'existence de Dieu
_b: les arguments de l'agnosticisme, de l'athéisme et du théisme /
_cPhilippe Thiry.
260 _aNamur (Belgique) :
_bPresses universitaires de Namur,
_c1996.
300 _a205 p. ;
_c24 cm.
490 1 _aTravaux de la Faculté de Droit de Namur ;
_v18
500 _aÍndice.
650 0 4 _aDios-
_xExistencia
_911904
830 0 _aTravaux de la Faculté de Droit de Namur ;
_v18
_9222990
852 4 _aES-MaACL
_jE-12427
_z. - Biblioteca Jacinto Martínez Lacalle
999 _c170194
_d170194